Cage the Elephant Discography - Statistics

General Stats
  • This quiz has been taken 92 times
    43 since last reset
  • The average score is 5 of 9
Answer Stats
Type Year Name % Correct
Album 2015 Tell Me I'm Pretty
89%
Album 2013 Melophobia
86%
Album 2008 Cage the Elephant
84%
Album 2019 Social Cues
84%
Album 2011 Thank You, Happy Birthday
76%
Live Album 2017 Unpeeled
62%
Live Album 2012 Live from the Vic in Chicago
16%
Live EP 2014 Deep Hands: Live Session
11%
Live EP 2010 Live at Grimey's
3%
No matching quizzes found
Score Distribution
Percent of People with Each Score
Percentile by Number Answered
Your Score History
You have not taken this quiz since the last reset